000 00439nam a2200169Ia 4500
008 141014s9999||||xx |||||||||||||| ||und||
010 _a20877
020 _a84-239-2032-1
082 _a100.946 A139p
100 _aAbellan, Jose Luis
245 _aPanorama de la Filosofia española actual
250 _a1ra Ed
260 _aEspasa Calpe S.A. Madrid, España
_c1978
300 _a222 p
_c18 cm
650 _aFilosofia
942 _cBK
999 _c21027
_d21027